000 00356nam a22001097a 4500
008 230609b xxu||||| |||| 00| 0 eng d
082 _a354.62007232
_bGOK
245 _a Public Accounts Committee on the Government of Kenya Accounts for the Year 2003/2004
_cGovernment of Kenya
260 _aKenya
_bGovernment of Kenya
_c2004
300 _a624 p
942 _2ddc
_cBK
999 _c927
_d927